ARRUPE JESUIT UNIVERSITY

CORONAVIRUS -STOP THE SPREAD - CLEAN,DISINFECT,COVER

The philosophy of John Scottus Eriugena : (Record no. 123253)

MARC details
000 -LEADER
fixed length control field 00987cam a2200313 a 4500
001 - CONTROL NUMBER
control field 831625
003 - CONTROL NUMBER IDENTIFIER
control field ARRUPE
005 - DATE AND TIME OF LATEST TRANSACTION
control field 20150907121300.0
008 - FIXED-LENGTH DATA ELEMENTS--GENERAL INFORMATION
fixed length control field 900501s1989 enka b 001 0 eng
010 ## - LIBRARY OF CONGRESS CONTROL NUMBER
LC control number 87033244
020 ## - INTERNATIONAL STANDARD BOOK NUMBER
International Standard Book Number 0521345499
035 ## - SYSTEM CONTROL NUMBER
System control number (OCoLC)17296895
035 ## - SYSTEM CONTROL NUMBER
System control number (OCoLC)ocm17296895
035 ## - SYSTEM CONTROL NUMBER
System control number (CStRLIN)NYCG90-B28488
035 ## - SYSTEM CONTROL NUMBER
System control number (NNC)831625
040 ## - CATALOGING SOURCE
Transcribing agency Arrupe
050 0# - LIBRARY OF CONGRESS CALL NUMBER
Classification number B765.J34
Item number M67 1989
082 0# - DEWEY DECIMAL CLASSIFICATION NUMBER
Classification number 189
Edition number 19
090 ## - LOCALLY ASSIGNED LC-TYPE CALL NUMBER (OCLC); LOCAL CALL NUMBER (OCLC)
Classification number (OCLC) (R) ; Classification number, CALL (RLIN) (NR) B765.J34
Local cutter number (OCLC) ; Book number/undivided call number, CALL (RLIN) M67 1989
300 ## - PHYSICAL DESCRIPTION
Other physical details ill. ;
Dimensions 24 cm.
100 1# - MAIN ENTRY--PERSONAL NAME
Personal name Moran, Dermot.
9 (RLIN) 19364
245 14 - TITLE STATEMENT
Title The philosophy of John Scottus Eriugena :
Remainder of title a study of idealism in the Middle Ages /
Statement of responsibility, etc Dermot Moran.
260 ## - PUBLICATION, DISTRIBUTION, ETC. (IMPRINT)
Place of publication, distribution, etc Cambridge [England] ;
-- New York :
Name of publisher, distributor, etc Cambridge University Press,
Date of publication, distribution, etc 1989.
300 ## - PHYSICAL DESCRIPTION
Extent xvii, 333 p. :
500 ## - GENERAL NOTE
General note Includes indexes.
504 ## - BIBLIOGRAPHY, ETC. NOTE
Bibliography, etc Bibliography: p. [288]-315.
600 10 - SUBJECT ADDED ENTRY--PERSONAL NAME
Personal name Erigena, Johannes Scotus,
Dates associated with a name approximately 810-approximately 877.
9 (RLIN) 19365
942 ## - ADDED ENTRY ELEMENTS (KOHA)
Source of classification or shelving scheme Library of Congress Classification
Koha item type Monograph ( Printed materials)
Holdings
Withdrawn status Lost status Source of classification or shelving scheme Damaged status Not for loan Collection code Home library Current library Shelving location Date acquired Total Checkouts Full call number Barcode Date last seen Date checked out Price effective from Koha item type
    Library of Congress Classification     Main Collection ARRUPE LIBRARY ARRUPE LIBRARY Main Collection 07/09/2015 1 B765.J34 M67 1989 46500003987 07/12/2017 23/10/2017 07/09/2015 Monograph ( Printed materials)

 

Arrupe Library. PO Box MP320 Mt Pleasant, Harare, Zimbabwe
263 242 745411|librarian@aju.ac.zw